Liedtext - Perfekte Welle - Juli - Statistiken

Allgemein
  • Dieses Quiz wurde 1.229 mal gespielt
  • Das Durchschnittsergebnis liegt bei 240 aus 338
Antwortstatistiken
Textquiz % Korrekt
Welle
100%
Das
99%
das
99%
die
99%
ist
99%
perfekte
99%
der
98%
Tag
97%
ein
92%
dich
88%
Lass'
87%
einfach
85%
ihr
85%
nicht
84%
von
84%
den
83%
am
80%
nach
79%
Du
78%
du
78%
gar
77%
sie
77%
tragen
77%
besten
76%
Denk'
76%
es
74%
Es
74%
dass
71%
in
71%
zu
70%
was
69%
auf
68%
kommt
68%
und
67%
dir
66%
Dein
65%
dein
65%
Traum
65%
Ich
64%
ich
64%
lang
63%
gibt
62%
Hast
62%
hast
62%
Wasser
62%
gehen
61%
Leben
61%
Mit
61%
wie
61%
ins
60%
Träume
60%
Gesicht
59%
vorüber
59%
jeder
58%
als
57%
Glauben
57%
glauben
57%
Jetzt
57%
kannst
57%
langsam
57%
gewartet
56%
mehr
56%
bricht
55%
Doch
53%
kam
53%
Deine
51%
schlägt
51%
gehofft
50%
verloren
49%
weißt
49%
alles
48%
Alles
48%
nie
48%
Siehst
48%
bin
47%
Film
47%
fast
44%
über
44%
vom
44%
einen
43%
hier
42%
will
42%
verstaubt
41%
bewegt
40%
Fleck
40%
frei
40%
sagst
40%
schäumen
39%
sind
39%
deinen
38%
Sturm
38%
Augen
37%
gewollt
37%
schon
37%
viel
37%
noch
36%
Zweifel
36%
Brett
35%
gezählt
34%
Wellen
34%
Zeit
32%
Salz
31%
dran
30%
schreist
30%
Schreist
30%
schwer
30%
Stellst
30%
dafür
29%
Hände
29%
schnell
29%
taub
28%
Tränen
28%
gelebt
27%
Staub
26%
Fällt
25%
Zwischen
24%
Keine übereinstimmenden Quizze gefunden
Verteilung der Resultate
Anzahl Personen mit jedem Resultat
Perzentil nach korrekt beantworteten Fragen
Ihre Resultats-Entwicklung
Sie haben dieses Quiz noch nicht gespielt